Mathematics and statistics for management: (Record no. 19548)

MARC details
000 -LEADER
fixed length control field 01176nam a22002897a 4500
008 - FIXED-LENGTH DATA ELEMENTS--GENERAL INFORMATION
fixed length control field 081205t xxu||||| |||| 00| 0 eng d
010 ## - LCCN (DPL NO)
LC control number ENG-92035
020 ## - INTERNATIONAL STANDARD BOOK NUMBER
Terms of availability 425.00
035 ## - SYSTEM CONTROL NUMBER
System control number EN-75568
037 ## - SOURCE OF ACQUISITION
Source of stock number/acquisition DBAD / PUB
040 ## - CATALOGING SOURCE
Original cataloging agency dpl
Language of cataloging English
082 ## - DEWEY DECIMAL CLASSIFICATION NUMBER
Classification number 510.24658
100 ## - MAIN ENTRY--PERSONAL NAME
Personal name Mittal, P.K.
245 ## - TITLE STATEMENT
Title Mathematics and statistics for management:
Statement of responsibility, etc by P.K. Mittal, B.G. Sathyaprasad [and] M.K. Pradeep Kumar Rao
Remainder of title (business mathematics and analytics) /
250 ## - EDITION STATEMENT
Edition statement rev. & enl. ed.
260 ## - PUBLICATION, DISTRIBUTION, ETC. (IMPRINT)
Place of publication, distribution, etc New Delhi
Name of publisher, distributor, etc Himalaya Publishing House
Date of publication, distribution, etc 2009
270 ## - ADDRESS
Address Pooja Apartment, 4-B, Murari Lal Street, Ansari Road, Daryaganj,
City New Delhi
Postal code 110002
300 ## - PHYSICAL DESCRIPTION
Extent v, 948p.
Dimensions 24cm (pbk)
650 ## - SUBJECT ADDED ENTRY--TOPICAL TERM
Topical term or geographic name as entry element Business mathematics.
650 ## - SUBJECT ADDED ENTRY--TOPICAL TERM
Topical term or geographic name as entry element Management
General subdivision Mathematics.
650 ## - SUBJECT ADDED ENTRY--TOPICAL TERM
Topical term or geographic name as entry element Management
General subdivision Statistical methods.
650 ## - SUBJECT ADDED ENTRY--TOPICAL TERM
Topical term or geographic name as entry element Commercial statistics.
700 ## - ADDED ENTRY--PERSONAL NAME
Personal name Sathyaprasad, B.G.
700 ## - ADDED ENTRY--PERSONAL NAME
Personal name Rao, M.K. Pradeep Kumar
942 ## - ADDED ENTRY ELEMENTS (KOHA)
Source of classification or shelving scheme Dewey Decimal Classification
Item type English Books
Call number suffix MIT
Classification part 510.24658
Holdings
Withdrawn status Lost status Source of classification or shelving scheme Damaged status Not for loan Collection code Home library Current library Date acquired Source of acquisition Cost, normal purchase price Total Checkouts Full call number Barcode Date last seen Copy number Cost, replacement price Koha item type
    Dewey Decimal Classification   Not For Loan Non-fiction D.B.Act.Division D.B.Act.Division 05/12/2008 DBAD / PUB 425.00   510.24658 MIT EN-75568 05/12/2008 1 425.00 English Books

© Delhi Public Library
Hit Counter
free hit counter